MARC

LEADER 00000nam0a2200000 4500
001 259560
005 20231031220658.0
020 |a RU  |b 82-59440ж 
035 |a (RuTPU)RU\TPU\book\282503 
090 |a 259560 
100 |a 20140512d1981 k y0rusy5003 ca 
101 0 |a rus 
102 |a RU 
105 |a a z 001zy 
200 1 |a Методы повышения продуктивности скважин  |f Всесоюзный нефтегазовый научно-исследовательский институт (ВНИИ) ; под ред. В. И. Гусева 
210 |a Москва  |c Изд-во ВНИИНефть  |d 1981 
215 |a 147 с.  |c ил. 
225 1 |a Труды Всесоюзного нефтегазового научно-исследовательского института (ВНИИ)  |a Вып. 76 
606 1 |a Нефтедобыча  |2 stltpush  |3 (RuTPU)RU\TPU\subj\45677 
610 1 |a продуктивность 
610 1 |a повышение 
610 1 |a нефтяные скважины 
610 1 |a водопритоки 
610 1 |a продуктивные пласты 
610 1 |a коллекторы 
675 |a 622.276.3  |z rus  |v 3 
702 1 |a Гусев  |b В. И.  |4 340 
712 0 2 |a Всесоюзный нефтегазовый научно-исследовательский институт (ВНИИ)  |c (Москва)  |c (1953-1987)  |2 stltpush  |3 (RuTPU)RU\TPU\col\11487 
801 0 |a RU  |b RuMRKP  |c 19950704  |g psbo 
801 1 |a RU  |b 63413507  |c 20140512 
801 2 |a RU  |b 63413507  |c 20160408  |g RCR 
942 |c BK